Petit Atlas historique du XIXe siècle (notice n° 1568448)
[ vue normale ]
| 000 -LEADER | |
|---|---|
| fixed length control field | 01359cam a2200133 4500500 |
| 005 - DATE AND TIME OF LATEST TRANSACTION | |
| control field | 20251214004328.0 |
| 041 ## - LANGUAGE CODE | |
| Language code of text/sound track or separate title | fre |
| 042 ## - AUTHENTICATION CODE | |
| Authentication code | dc |
| 100 10 - MAIN ENTRY--PERSONAL NAME | |
| Personal name | Nouschi, Marc |
| Relator term | author |
| 245 00 - TITLE STATEMENT | |
| Title | Petit Atlas historique du XIXe siècle |
| 260 ## - PUBLICATION, DISTRIBUTION, ETC. | |
| Name of publisher, distributor, etc. | Armand Colin,<br/> |
| Date of publication, distribution, etc. | 2016.<br/> |
| 520 ## - SUMMARY, ETC. | |
| Summary, etc. | Cet atlas historique présente en 44 fiches et 5 grandes synthèses une réflexion originale sur le « long » XIXe siècle, un siècle charnière entre l’« Ancien Régime » qui s’effiloche et une modernité qui conditionne le devenir de l’histoire universelle. Colonisation et décolonisation, nationalisme accompli et nationalités frustrées, théories matérialistes et prétention universelle, voies nouvelles d’industrialisation sont quelques-uns des acquis de ce siècle dominé par l’Europe et les « nouvelles » Europes. Le lecteur construit son propre itinéraire à travers ces fiches pour comprendre les enjeux politiques, territoriaux, culturels et scientifiques d’une période essentielle. Un index des noms propres et des lieux facilite la compréhension de la période. - Un ouvrage en deux couleurs - 47 cartes et schémas originaux - des chronologies, des focus, des lexiques, des graphiques et tableaux |
| 856 41 - ELECTRONIC LOCATION AND ACCESS | |
| Uniform Resource Identifier | <a href="https://shs.cairn.info/petit-atlas-historique-du-xixe-siecle--9782200614638?lang=fr&redirect-ssocas=7080">https://shs.cairn.info/petit-atlas-historique-du-xixe-siecle--9782200614638?lang=fr&redirect-ssocas=7080</a> |
Pas d'exemplaire disponible.




Réseaux sociaux